000 01261cam a22003374a 4500
001 16212356
003 OSt
005 20150408114156.0
008 100430s2010 si a b 000 0 eng d
010 _a 2010293118
020 _a9789814289689
020 _a981428968X
020 _a9789814291170 (pbk.)
020 _a981429117X (pbk.)
035 _a(OCoLC)ocn505417080
040 _aMNU
_cMNU
_dSINLB
_dUOH
_dDLC
042 _alccopycat
050 0 0 _aGE170
_b.T658 2010
082 0 0 _a338.927
_222
_bTOT
245 0 0 _aTools, techniques & approaches for sustainability :
_bcollected writings in environmental assessment policy and management /
_ceditor, William R. Sheate.
246 3 _aTools, techniques and approaches for sustainability
260 _aSingapore ;
_aHackensack, NJ :
_bWorld Scientific Pub.,
_cc2010.
300 _aix, 410 p. :
_bill. ;
_c26 cm.
504 _aIncludes bibliographical references.
650 0 _aEnvironmental policy.
650 0 _aEnvironmental management.
_940654
700 1 _aSheate, William.
_940655
906 _a7
_bcbc
_ccopycat
_d2
_encip
_f20
_gy-gencatlg
942 _2ddc
_cDVD
999 _c32421
_d266921